LEADER 02528nam 2200613 a 450 001 9910458587503321 005 20210823214947.0 010 $a9780810861459 010 $a0810861453 035 $a(CKB)2560000000016752 035 $a(EBL)616414 035 $a(OCoLC)665817630 035 $a(SSID)ssj0000420404 035 $a(PQKBManifestationID)11295833 035 $a(PQKBTitleCode)TC0000420404 035 $a(PQKBWorkID)10392375 035 $a(PQKB)11327517 035 $a(MiAaPQ)EBC616414 035 $a(Au-PeEL)EBL616414 035 $a(CaPaEBR)ebr10386501 035 $a(CaONFJC)MIL256148 035 $a(EXLCZ)992560000000016752 100 $a20081114d2010 uy 0 101 0 $aeng 135 $aur|n|---||||| 181 $ctxt 182 $cc 183 $acr 200 10$aIn the heart of the beat$b[electronic resource] $ethe poetry of rap /$fAlexs Pate 210 $aLanham, Md. $cScarecrow Press$d2010 215 $a1 online resource (177 p.) 225 1 $aAfrican American cultural theory and heritage 300 $aDescription based upon print version of record. 311 $a0-8108-6008-2 320 $aIncludes bibliographical references and index. 327 $aSay what? -- A matter of life : a brief discussion -- From the streets : coloring the multicultural black -- Defining rap/poetry -- Where you from? : local, young, and uncensored -- Toward a critical reading of rap/poetry -- The elements of rap/poetry -- The aesthetics : a summary. 330 $aIn the Heart of the Beat argues for a fresh understanding of rap as an exemplary form of literary expression, rather than a profane and trendy musical genre. Pate focuses on works by several well-known artists to reveal in rap music, despite its penchant for vulgarity, a power and beauty that is the heart of great literature. 410 0$aAfrican American cultural theory and heritage. 606 $aRap (Music)$vTexts 606 $aRap (Music)$xHistory and criticism 606 $aAmerican poetry$xAfrican American authors$xHistory and criticism 608 $aElectronic books. 615 0$aRap (Music) 615 0$aRap (Music)$xHistory and criticism. 615 0$aAmerican poetry$xAfrican American authors$xHistory and criticism. 676 $a782.421649 700 $aPate$b Alexs D.$f1950-$01036709 801 0$bMiAaPQ 801 1$bMiAaPQ 801 2$bMiAaPQ 906 $aBOOK 912 $a9910458587503321 996 $aIn the heart of the beat$92457184 997 $aUNINA LEADER 05756nam 2200721 a 450 001 996218382003316 005 20230421043749.0 010 $a1-282-81726-4 010 $a9786612817267 010 $a0-470-93797-1 010 $a1-60119-004-2 010 $a0-470-93796-3 035 $a(CKB)1000000000327068 035 $a(EBL)588858 035 $a(OCoLC)694142749 035 $a(SSID)ssj0000071627 035 $a(PQKBManifestationID)11110172 035 $a(PQKBTitleCode)TC0000071627 035 $a(PQKBWorkID)10090849 035 $a(PQKB)10635098 035 $a(MiAaPQ)EBC588858 035 $a(EXLCZ)991000000000327068 100 $a20101117d1995 uy 0 101 0 $aeng 135 $aur|n|---||||| 181 $ctxt 182 $cc 183 $acr 200 10$aConcentration fluctuations and averaging time in vapor clouds$b[electronic resource] /$fDavid J. Wilson 210 $aNew York $cCenter for Chemical Process Safety of the American Institute of Chemical Engineers$d1995 215 $a1 online resource (201 p.) 300 $aDescription based upon print version of record. 311 $a0-8169-0679-3 320 $aIncludes bibliographical references and index. 327 $aConcentration Fluctuations and Averaging Time in Vapor Clouds; Contents; PREFACE; ACKNOWLEDGMENTS; 1. Background and Objectives; 2. Sampling and Averaging Time Definitions; Calculating Mass-Weighted Sampling Time; Effective Sampling Time ts,a for Block Time Averages; 3. Effect of Averaging Time on Mean Calculations; Ensemble Averaging and Zero Sample Time Meandering; Field Data for Sampling and Averaging Time Effects; Plume Spread Sampling Time Effects Deduced from Velocity Fluctuation Statistics; Measurement of Crosswind-Velocity Sampling Time Exponent pv 327 $aAveraging Time Effects on Plume Spread ?yRandom Force Model for Sampling Time Effects on Crosswind Spread; Comparing the Random Force Model to CONDORS Data; Comparing the Random Force Model with ?y ~ ts0.2; 4. Concentration Fluctuation Modeling; Overview; Types of Concentration Fluctuation Models; Conditional Statistics for Fluctuation Calculations; Wind Tunnel Simulation versus Field Testing for Model Validation; 5. Probability Distributions; Exponential Probability Distribution; Clipped-Normal Probability Distribution; Log-Normal Probability Distribution; Gamma Probability Distribution 327 $aRecommended Probability Distribution and Conditional Intensity Functions6. Release Height and Source Size Effects on Fluctuation Intensity; Internal Fluctuations in Jets and Plumes with No Meandering; Fluctuation Intensity in Meandering Plumes from Ground Level Releases; Meandering Plume Models for Source Size Effects on Elevated Releases; Comparison with Chatwin and Sullivan's Similarity Model; Release Momentum Effects on Source Size; Fluctuations Near the Ground: Dissipation by Wind Shear; Terrain Roughness, Atmospheric Stability, and Compatibility with Existing Hazard Assessment Models 327 $a7. Source Density Effects on FluctuationsDense Plumes; Buoyant Plumes; 8. Buildings and Obstacles; Modeling Concentration Fluctuations in Building Wakes; 9. Threshold Crossing and Peak Levels; Time Sequence versus Ensemble Repeat Averages; 10. Framework for an Operational Model; Adjusting Mean Concentration for Averaging Time; Concentration Fluctuation Statistics; Concentration Fluctuation Intensity; Fraction of Time Threshold Concentration Is Exceeded; Once-per-Event Peak Concentration; Summary 327 $aAppendix A Averaging and Sampling Time Effects on Plume Spread Velocity and Concentration FluctuationsInertialess Fluctuation Spectrum; Concentration Fluctuations; Power Law Exponent qc for Averaging Time; Effect of Averaging Time on Concentration Variance; Effect of Sampling Time on Concentration Variance; Power Law Exponent pc for Increased Sampling Time; Velocity Fluctuations; Sampling Time Effects on Crosswind Velocity Variance; Sampling Time Effects for the Transverse Isotropic Spectrum; Averaging Time Effects for Finite Sampling Time; Gifford's Random Force Model for ?y 327 $aWilson's Power Law Approximation to Gifford's Random Force Model 330 $aThis book contributes to more reliable and realistic predictions by focusing on sampling times from a few seconds to a few hours. Its objectives include developing clear definitions of statistical terms, such as plume sampling time, concentration averaging time, receptor exposure time, and other terms often confused with each other or incorrectly specified in hazard assessments; identifying and quantifying situations for which there is no adequate knowledge to predict concentration fluctuations in the near-field, close to sources, and far downwind where dispersion is dominated by atmospheric t 606 $aVapors$xMathematical models 606 $aFluctuations (Physics)$xMathematical models 606 $aAtmospheric diffusion$xMathematical models 606 $aAtmospheric turbulence$xMathematical models 606 $aHazardous substances$xRisk assessment 606 $aIndustrial safety 615 0$aVapors$xMathematical models. 615 0$aFluctuations (Physics)$xMathematical models. 615 0$aAtmospheric diffusion$xMathematical models. 615 0$aAtmospheric turbulence$xMathematical models. 615 0$aHazardous substances$xRisk assessment. 615 0$aIndustrial safety. 676 $a533 676 $a660 700 $aWilson$b David J$023114 801 0$bMiAaPQ 801 1$bMiAaPQ 801 2$bMiAaPQ 906 $aBOOK 912 $a996218382003316 996 $aConcentration fluctuations and averaging time in vapor clouds$93064784 997 $aUNISA LEADER 02165nam 2200481 450 001 9910815318503321 005 20230808205315.0 010 $a1-119-29446-0 010 $a1-119-29445-2 010 $a1-119-29447-9 035 $a(CKB)4330000000010028 035 $a(EBL)4614604 035 $a(MiAaPQ)EBC4614604 035 $a(Au-PeEL)EBL4614604 035 $a(CaPaEBR)ebr11240446 035 $a(CaONFJC)MIL943459 035 $a(OCoLC)956277114 035 $a(EXLCZ)994330000000010028 100 $a20160607h20162016 uy| 0 101 0 $aeng 135 $aur|n|---||||| 181 $2rdacontent 182 $2rdamedia 183 $2rdacarrier 200 10$aOperator's guide to general purpose steam turbines $ean overview of operating principles, construction, best practices, and troubleshooting /$fRobert X. Perez and David W. Lawhon 210 1$aHoboken, New Jersey :$cJohn Wiley & Sons ;$aSalem, Massachusetts :$cScrivener Publishing,$d[2016] 210 4$dİ2016 215 $a1 online resource (335 p.) 300 $aIncludes index. 311 $a1-119-29421-5 327 $aIntroduction to steam turbines -- General purpose back pressure steam turbine -- Routine steam turbine inspections -- Steam turbine speed controls and safety systems -- The importance of operating procedures -- Overspeed trip testing -- Centrifugal pump and centrifugal compressor start-ups with a steam turbine driver -- Centrifugal pump and centrifugal compressor shutdowns with a steam turbine driver -- Installation, commissioning and first solo run -- Reinstating steam turbine after maintenance -- Steam turbine reliability -- Introduction to field troubleshooting -- Steam turbine monitoring advice -- Beyond start-ups, shutdowns, and inspections. 606 $aSteam-turbines$vHandbooks, manuals, etc 615 0$aSteam-turbines 676 $a621.1/65 700 $aPerez$b Robert X.$0896629 702 $aLawhon$b David W.$f1959- 801 0$bMiAaPQ 801 1$bMiAaPQ 801 2$bMiAaPQ 906 $aBOOK 912 $a9910815318503321 996 $aOperator's guide to general purpose steam turbines$94001230 997 $aUNINA